Mathématiques avec maple

Guardat en:
Dades bibliogràfiques
Autor principal: Rotaru, Paul (Autor)
Format: Llibre
Idioma:francès
Publicat: París Diderot Editeur, Arts et Sciences 1997
Col·lecció:Serie Bibliothéque des Sciences
Matèries:
Etiquetes: Afegir etiqueta
Sense etiquetes, Sigues el primer a etiquetar aquest registre!

MARC

LEADER 00000nam a2200000 a 4500
001 UCQ3343
003 CL-VaPUC
008 980821e19970000FR |||||||||||||||||fre|d
082 0 4 |a 510  |b ROT  |2 21 
100 0 |a Rotaru, Paul  |e author  |9 417390 
245 1 0 |a Mathématiques avec maple 
300 |a 734 p 
942 |c BK 
945 |d 19980821 00:00:00  |a aarredon 
260 |a París  |b Diderot Editeur, Arts et Sciences  |c 1997 
650 0 |a Matemática  |9 260235 
650 0 |a Álgebra  |9 259567 
650 7 |a MAPLE  |2 CL-VaPUC  |9 417391 
650 0 |a Proceso de datos   |9 259776 
650 0 |a Funciones   |9 263869 
650 0 |a Ecuaciones diferenciales  |9 260083 
650 0 |a Cálculo integral  |9 260103 
650 0 |a Cálculo diferencial   |9 260102 
583 |a last modification  |c 19980821 00:00:00  |k Rodrigo Vera 
490 0 |a Serie Bibliothéque des Sciences 
999 |c 273931  |d 273929 
952 |0 0  |1 0  |4 0  |6 510_000000000000000_ROT_1997  |7 0  |8 A  |9 309920  |a BIBMAT  |b BIBMAT  |d 2019-11-20  |i 3452859  |o 510 ROT 1997  |p 3452859  |r 2025-01-07  |w 2019-11-20  |y BK  |k MAT